Využívanie inkluzívneho dizajnu pri tvorbe konkurenčnej výhody podniku diplomová práca

Guardado en:
Detalles Bibliográficos
Autor principal: Molnárová, Magdaléna
Autor Corporativo: Obchodná fakulta EU. Katedra tovaroznalectva a kvality tovaru
Otros Autores: Knošková, Ľubica, 1965-
Formato: Libro
Lenguaje:eslovaco
Publicado: Bratislava 2020
Etiquetas: Agregar Etiqueta
Sin Etiquetas, Sea el primero en etiquetar este registro!

MARC

LEADER 00000nbm a2200000 4500
001 0266369
005 20201009092700.5
041 0 |a slo 
044 |a SK 
245 1 0 |a Využívanie inkluzívneho dizajnu pri tvorbe konkurenčnej výhody podniku  |b diplomová práca  |c Magdaléna Molnárová ; školiteľ: Ľubica Knošková 
264 1 |a Bratislava  |c 2020 
300 |a 73 s. 
100 1 |a Molnárová, Magdaléna 
700 1 |a Knošková, Ľubica, 1965- 
710 2 |a Obchodná fakulta EU. Katedra tovaroznalectva a kvality tovaru